Who Said It? Arrested Development Quiz Stats

 Plays Quiz Updated Nov 23, 2016

Support Sporcle.
Go Orange.
Score 0/9 Timer 02:00
0 Plays Today
% Correct
Buster
Army had
half a day.
90.9%
Lindsay
I hate the
Wetlands.
They’re
stupid &
wet, & there
are bugs
everywhere,
& I think
I maced
a crane.
84.4%
Michael
It's as Ann as
the nose on
Plain's face.
83.7%
George Michael
Okay, it was for
me. Yeah. I was
gonna smoke the
marijuana like
a cigarette.
81.5%
Lucille
I don’t
understand
the question,
& I won’t
respond
to it.
80.3%
G.O.B.
She’s not 'that
Mexican,' Mom,
she’s my
Mexican. And
she’s Colombian
or something.
80%
Tobias
Um, I'm looking
for something
that says, 'Dad
likes leather.'
79.6%
George Sr.
Too many lives
have been ruined
because some
cheap waitress
at a HoJo
said she used
an IUD.
71.4%
Maeby
Do you guys
know where I
can get one
of those gold
necklaces with
a 'T' on it?
62.6%

You're not logged in!

Compare scores with friends on all Sporcle quizzes.
OR
Log In

From the Vault

MLB Travel Maps

by BanjoZebra

Have cleats, will travel.
Remove Ads.
Support Sporcle.
Get the best of Sporcle when you Go Orange. This ad-free experience offers more features, more stats, and more fun while also helping to support Sporcle. Thank you for becoming a member.

Show Comments

Extras

Top Quizzes Today


Score Distribution

Your Account Isn't Verified!

In order to create a playlist on Sporcle, you need to verify the email address you used during registration. Go to your Sporcle Settings to finish the process.

Report this User

Report this user for behavior that violates our Community Guidelines.

Details: